MDQL
is popping MORE tags! Check the
thread
!
Quizzes
Events
Quiz Creation
Community
Videos
Private Events
Remove Ads
Sign In
Join for FREE
Feedback
Dark Mode
Quiz Categories
Sports
Geography
Music
Movies
Television
Just For Fun
Miscellaneous
History
Literature
Language
Science
Gaming
Entertainment
Religion
Holiday
For Kids
Quiz Lab
Recent
Popular Today
Quiz Kudos Today
Editor Picks
Curator Picks
Quizzes by...
Day
Popularity
Type
Ratings
Length
Year
Community
Subscriptions
Recent Discussions
Orange Saloon
Badges
Playlists
Quests
Create
Leaderboards
Showdown
Live 5
Trivia Bingo
Activity
Puzzle Library
Sporcle Events
Private Events
Virtual Trivia
Globe League
Become a Host
Pub Owners
SporcleCon
Opinionation
Our Games
Videos
Blog
Mobile Apps
Partnerships
Remove Ads and Go Orange
Feedback
Sports
Athletes
MLB
NBA
NHL
NFL
Soccer
Sports Teams
WWE
NCAA
Football
Premier League
Basketball
Baseball
Hockey
Golf
Tennis
Cricket
Rugby
Auto Racing
Olympics
World Cup
Sports
Athletes
MLB
NBA
NHL
NFL
Soccer
Sports Teams
WWE
NCAA
Football
Premier League
Basketball
Baseball
Hockey
Golf
Tennis
Cricket
Rugby
Auto Racing
Olympics
World Cup
Random Quiz
Search Sporcle
×
Quiz Lab
Quiz Lab
Sports
Baseball
Type in answers that appear in a list
Type in answers that appear in a list
Classic
Best Score? Go Orange.
1997 Cleveland Indians World Series Stats
Can you name the 1997 Cleveland Indians World Series ?
By
hamrhead5
7m
24 Questions
637 Plays
637 Plays
637 Plays
Comments
Comments
Give Quiz Kudos
Give Quiz Kudos
-
- Ratings
hide this ad
Replay
Link that replays current quiz
Next Quiz
Link to next quiz in quiz playlist
You Got
0%
They Got
Avg Score
49%
Avg Friend Score
Upgrade to see
Score Distribution
Jump to the score distribution portion of the page
Score
0/24
Timer
07:00
0
Plays Today
Position
Player
% Correct
Catcher
Sandy Alomar
98.3%
First Base
Jim Thome
95.9%
Short Stop
Omar Vizquel
90.7%
Right Field
Manny Ramirez
87.3%
Starting Pitcher
Charles Nagy
76.8%
Relief Pitcher
Jose Mesa
74.6%
Designated Hitter
David Justice
70.2%
Third Base
Matt Williams
62.6%
Center Field
Marquis Grissom
61.4%
Starting Pitcher
Jaret Wright
58.6%
Starting Pitcher
Orel Hershiser
52.3%
Second Base
Tony Fernandez
49.9%
Position
Player
% Correct
Starting Pitcher
Chad Ogea
43.2%
Relief Pitcher
Eric Plunk
41.4%
Left Field
Brian Giles
41.3%
Relief Pitcher
Paul Assenmacher
40.5%
Relief Pitcher
Mike Jackson
34.4%
Outfield/
Infield
Bip Roberts
28.6%
Catcher
Pat Borders
22.9%
Relief Pitcher
Brian Anderson
15.2%
Infield
Kevin Seitzer
14.9%
Infield
Jeff Branson
8.6%
Relief Pitcher
Jeff Juden
7.7%
Relief Pitcher
Alvin Morman
5.8%
Quiz Playlist
Details
Report
Send in Message
Add To Playlist
Classic:
Type in answers that appear in a list
Quiz Source
Last Updated: Feb 16, 2017
Quiz Scoreboard
CHALLENGE
Sign Up to Join the Scoreboard
Show All
Scores
Hide
Comments
May contain spoilers
Recently Published
Two Season TV Shows II
by 123Four
Television
10m
Image Sorting: Flags VI
by Barbecue
Geography
2m
Find the 'City' Movie
by crazypaving
Movies
60s
More to Explore
Quiz From the Vault
Featured Blog Post
14 Easter Pick-up Lines to Find Eggs With
hide this ad
You Might Also Like...
Tags
Baseball Quiz
MLB Quiz
1997
Cleveland
Player
World Series
Today's Top Quizzes in Sports
Browse Sports
hide this ad
Today's Top Quizzes in Baseball
Browse Baseball
Top Contributed Quizzes in Sports
1
Les meilleurs buteurs des matchs entre le PSG et l’OM
2
Les entraîneurs de l'OM et du PSG au 21e siècle
3
2022 World Cup Stars
4
Les joueurs passés par le PSG et l'OM
5
Players with Multiple 50 Home Run Seasons
6
FIFA Club World Cup Champions
7
Criteria MLB: Left Handed Sluggers
8
Les joueurs passés par le LOSC et le RC Lens
9
Top 10 NHL Goal Scorers of All Time
10
MLB Players with Two .350 Batting Average Seasons
Explore More
Trending Topics
Anime
Crossword
Kpop
Disney
Harry Potter
Marvel
NBA
Country
Song
Pokémon
NFL
The Office
Puzzle
WWE
Soccer
hide this ad
More By:
hamrhead5
Quiz
Plays
Rating
Category
Featured
Created
Famous Names Fill in the Blank
3,056
3.27
Sports
Dec 15, 2016
1997 Cleveland Indians World Series
637
5.00
Sports
Nov 18, 2009
1995 Cleveland Indians World Series Roster
617
5.00
Sports
Nov 18, 2009
Steven Seagal or Dolph Lundgren?
185
4.50
Movies
Dec 8, 2017
2016 Cleveland Indians Alma Maters
68
5.00
Sports
Nov 1, 2016
Go to Creator's Profile
Score Distribution
Quiz Creator Spotlight
hamrhead5
Follow
Send a Message
Quizzes Created
-
Created Quiz Play Count
-
More By This Creator
Popular Quizzes Today
1
Find the US States - No Outlines Minefield
2
Colored Red Africa Blitz
3
Find the 'City' Movie
4
5x2 Blitz: Bands
5
The Countries of the World
6
Find the Countries of Europe - No Outlines Minefield
7
Find the US States
8
US States
More Sports Quizzes
The Dunk: Bulls-Knicks 1994
Editor's Pick
Trending Quizzes
Colored Red Europe Blitz I
Colored Red Africa Blitz II
Colored Red Europe Blitz II
Colored Red Africa Blitz III
Colored Red Europe Blitz III
Recently Updated
How Do You Spell That?
pecheneg
Godzilla Movies
pecheneg
Grab Bag: 4-10 Letters
pecheneg
2024 March Madness Bracket
pecheneg
Famous TV Couples
Peacemaker
Champions League XIs: Real Madrid
pecheneg
Largest US Cities 1790-2010
pecheneg
Rides in Walt Disney World
pecheneg
Most Oscar Losses (Acting)
pecheneg
Beyoncé Albums
pecheneg
Trending Topics
Crossword
Kpop
NBA
Harry Potter
Disney
Anime
Marvel
The Office
WWE
Soccer
NFL
Pokémon
Puzzle
Country
Song
Your Account Isn't Verified!
In order to create a playlist on Sporcle, you need to verify the email address you used during registration. Go to your
Sporcle Settings
to finish the process.
Report this User
Report this user for behavior that violates our
Community Guidelines
.
Details:
Send Report
Go to the Sporcle.com Mobile Site →
Comments